[Event "8th Gibraltar U16-Junior 2018"]
[Site "Caleta"]
[Date "2018.08.19"]
[Round "5"]
[White "Harbinson, Alec Ryan"]
[Black "Mahtani, Johan"]
[Result "1/2-1/2"]
[WhiteElo "1043"]
[BlackElo "1166"]
[Annotator "NA"]
[PlyCount "88"]
[EventDate "2018.08.17"]
[EventType "swiss"]
[EventCountry "GGB"]
[SourceTitle "playchess.com"]
[Source "ChessBase"]
[SourceQuality "1"]
[TimeControl "6600+10"]

1. e4 {[%emt 0:00:00]} e5 {[%emt 0:00:00]} 2. Nf3 {[%emt 0:00:00]} Nc6 {[%emt 0:00:01]} 3. Bc4 {[%emt 0:00:00]} d6 {[%emt 0:00:08]} 4. d3 {[%emt 0:00:06]} Bg4 {[%emt 0:00:06]} 5. h3 {[%emt 0:00:19]} Bxf3 {[%emt 0:00:07]} 6. Qxf3 {[%emt 0:00:19]} Qf6 {[%emt 0:00:05]} 7. Qxf6 {[%emt 0:00:11]} Nxf6 {[%emt 0:00:07]} 8. Bg5 {[%emt 0:00:43]} Be7 {[%emt 0:00:10]} 9. Bxf6 {[%emt 0:00:40]} Bxf6 {[%emt 0:00:12]} 10. c3 {[%emt 0:00:32]} O-O {[%emt 0:00:17]} 11. b4 {[%emt 0:00:37]} Rad8 {[%emt 0:00:12]} 12. Bd5 {[%emt 0:00:29]} Rb8 {[%emt 0:00:33]} 13. Bxc6 {[%emt 0:00:37]} bxc6 {[%emt 0:00:09]} 14. O-O {[%emt 0:00:26]} Rbd8 {[%emt 0:00:06]} 15. Rd1 {[%emt 0:01:04]} d5 {[%emt 0:00:09]} 16. Na3 {[%emt 0:00:27]} dxe4 {[%emt 0:00:42]} 17. dxe4 {[%emt 0:00:20]} Rd6 {[%emt 0:00:20]} 18. Nc4 {[%emt 0:00:53]} Re6 {[%emt 0:01:23]} 19. Rd3 {[%emt 0:02:17]} Rd8 {[%emt 0:00:13]} 20. Rxd8+ {[%emt 0:00:12]} Bxd8 {[%emt 0:00:18]} 21. Rd1 {[%emt 0:00:30]} Be7 {[%emt 0:01:37]} 22. Rd7 {[%emt 0:01:33]} c5 {[%emt 0:00:19]} 23. bxc5 {[%emt 0:00:44]} Bxc5 {[%emt 0:00:34]} 24. Rxc7 {[%emt 0:00:42]} Bf8 {[%emt 0:00:10]} 25. Rxa7 {[%emt 0:00:29]} f6 {[%emt 0:00:10]} 26. Ne3 {[%emt 0:02:16]} Rc6 {[%emt 0:00:20]} 27. c4 {[%emt 0:00:31]} Bc5 {[%emt 0:00:13]} 28. Nf5 {[%emt 0:01:55]} g6 {[%emt 0:00:44]} 29. Ra8+ {[%emt 0:00:28]} Kf7 {[%emt 0:00:11]} 30. Ng3 {[%emt 0:02:00]} Bb4 {[%emt 0:00:19]} 31. Ra4 {[%emt 0:00:59]} Bd2 {[%emt 0:00:15]} 32. f3 {[%emt 0:03:35]} Rb6 {[%emt 0:01:06]} 33. Kh2 {[%emt 0:04:17]} Bf4 {[%emt 0:00:20]} 34. h4 {[%emt 0:00:57]} h5 {[%emt 0:00:39]} 35. Kh3 {[%emt 0:01:11]} Rb1 {[%emt 0:01:14]} 36. a3 {[%emt 0:02:12]} f5 {[%emt 0:01:23]} 37. exf5 {[%emt 0:06:51]} gxf5 {[%emt 0:00:14]} 38. Rb4 {[%emt 0:07:40]} Rd1 {[%emt 0:01:24]} 39. Rb7+ {[%emt 0:13:41]} Ke6 {[%emt 0:00:05]} 40. Rb6+ {[%emt 0:01:21]} Kf7 {[%emt 0:00:22]} 41. Rb7+ {[%emt 0:00:01]} Ke6 {[%emt 0:00:01]} 42. Rb6+ {[%emt 0:00:10]} Kf7 {[%emt 0:00:02]} 43. Rb7+ {[%emt 0:00:15]} Ke6 {[%emt 0:00:02]} 44. Rb6+ {[%emt 0:00:24]} Kf7 {[%emt 0:00:29]} 1/2-1/2

[Event "8th Gibraltar U16-Junior 2018"]
[Site "Caleta"]
[Date "2018.08.20"]
[Round "6"]
[White "Haase, Pavel"]
[Black "Jayawarna, Nugith"]
[Result "1/2-1/2"]
[WhiteElo "2177"]
[BlackElo "2013"]
[Annotator "TA"]
[PlyCount "38"]
[EventDate "2018.08.17"]
[EventType "swiss"]
[EventCountry "GGB"]
[SourceTitle "playchess.com"]
[Source "ChessBase"]
[SourceQuality "1"]

{[%evp 11,38,6,13,5,22,16,25,4,16,10,16,8,8,0,16,4,12,0,0,-18,0,-34,0,0,0,0,0,-10,0]} 1. c4 c5 2. Nc3 g6 3. g3 Bg7 4. Bg2 Nc6 5. d3 e5 6. e4 {A36: Symmetrical English vs ...g6: 4 Bg2 Bg7} (6. b3 d6 7. Bb2 Nh6 8. e3 O-O 9. Nge2 Nf5 10. Qd2 h5 11. h3 Bd7 12. Nd5 Rb8 13. Nec3 a6 {1-0 (24) Rakhmanov,A (2662)-Domogaev,S (2435) Sochi 2016}) 6... Nge7 {LiveBook: 12 Games} 7. f4 exf4 8. Bxf4 d6 9. Nf3 O-O 10. O-O $146 ({Predecessor:} 10. Qd2 Bg4 11. O-O Qd7 12. Rae1 Rad8 13. Rb1 b6 {1-0 (48) Buenafe Moya,J (2303)-Garcia Roman,D (2353) Spain 2004}) 10... a6 11. Qd2 Rb8 12. Bh6 b5 13. Bxg7 Kxg7 14. b3 Bg4 15. Nh4 Qd7 16. Rae1 f6 (16... b4 $5 {[%cal Rb4c3]} 17. Ne2 (17. Nd5 Nxd5 18. cxd5 Ne5 $11) 17... Bxe2 18. Rxe2 Nd4 $15) 17. Bf3 {The position is equal.} Bh3 18. Bg2 Bg4 19. Bf3 Bh3 {Precision: White = 26%, Black = 31%.} 1/2-1/2

[Event "8th Gibraltar U16-Junior 2018"]
[Site "Caleta"]
[Date "2018.08.20"]
[Round "6"]
[White "Garrido Outon, Alex"]
[Black "Ledesma Claros, Daniel"]
[Result "1/2-1/2"]
[WhiteElo "2119"]
[BlackElo "1954"]
[Annotator "TA"]
[PlyCount "42"]
[EventDate "2018.08.17"]
[EventType "swiss"]
[EventCountry "GGB"]
[SourceTitle "playchess.com"]
[Source "ChessBase"]
[SourceQuality "1"]

{[%evp 22,42,0,0,-5,0,0,0,0,-30,0,0,0,-6,0,-12,-15,-17,6,0,0,-13,-18]} 1. e4 e6 2. d3 c5 3. Nf3 Nc6 4. g3 Nge7 5. Bg2 d5 6. Nbd2 h6 7. h4 g6 8. O-O Bg7 9. Re1 O-O 10. c3 {A08: King's Indian Attack} (10. Nf1 e5 11. exd5 Nxd5 12. Ne3 Be6 13. Bd2 Re8 14. Nh2 Qd7 15. Nxd5 Bxd5 16. Qg4 Be6 17. Qa4 Rec8 18. Rad1 {0-1 (37) Vajda,L (2572)-Bajarani,U (2522) Brasschaat 2015}) 10... b6 11. exd5 exd5 12. Nf1 {LiveBook: 5 Games} Be6 13. Bf4 Qd7 14. Qd2 Kh7 15. Ne3 $146 ({Predecessor:} 15. N1h2 Ng8 16. Re2 Nf6 17. Ne5 Nxe5 18. Bxe5 {0-1 (65) Fischer,J (2216)-Delitzsch,J (2190) Bayern 2016}) 15... Rac8 16. d4 {The position is equal.} cxd4 17. cxd4 Nf5 {[%cal Rf5d4]} 18. Nxf5 Bxf5 19. Rac1 a5 20. Ne5 Nxe5 21. dxe5 d4 1/2-1/2

[Event "8th Gibraltar U16-Junior 2018"]
[Site "Caleta"]
[Date "2018.08.20"]
[Round "6"]
[White "Cuellar Montes, Alejandro"]
[Black "Ifalore, Michael"]
[Result "0-1"]
[WhiteElo "2074"]
[BlackElo "1881"]
[Annotator "NA RC"]
[PlyCount "192"]
[EventDate "2018.08.17"]
[EventType "swiss"]
[EventCountry "GGB"]
[SourceTitle "playchess.com"]
[Source "ChessBase"]
[SourceQuality "1"]
[TimeControl "6600+10"]

{[%evp 18,187,34,27,38,16,27,24,28,-28,17,0,36,-10,25,18,15,14,3,-10,0,-96,-17,-117,-99,-117,-151,-147,-97,-240,-220,-269,-97,-141,-84,-264,-122,-142,-144,-1644,-1567,32767,32767,32767,32767,-29994,-29989,-29989,-29987,-29993,-1226,-1165,-123,-5731,-358,-321,-331,-324,-376,32767,32767,32767,32767,-394,-397,-421,-388,-445,-417,-503,-552,-509,-586,-539,-686,-12839,-12837,-932,-517,-580,-653,-564,-562,-518,-430,-541,-575,-585,-550,-526,-520,-874,-455,-427,-466,-453,-405,-423,-497,-599,-687,-774,-531,-503,-517,-584,-456,-493,-423,-684,-711,-568,-855,-722,-803,-741,-1000,-1034,-1671,-5057,-4937,-817,-830,-818,-291,-273,-113,-102,-104,-102,-104,-102,-98,-5057,-6249,-5065,-12846,-29963,-29979,-29994,-29965,-29980,-29977,-12851,-12593,-29975,-29978,-29981,-29982,-29978,-29973,-29983,-29969,-6379,-29978,-29979,-29982,-29980,-29979,-29986,-29987,-29987,-29988,-29988,-29988,-29988,-29989,-29989,-29990,-29991,-29989,-29989]} 1. d4 {[%emt 0:00:00]} Nf6 {[%emt 0:00:00]} 2. c4 {[%emt 0:00:02]} e6 {[%emt 0:00:00]} 3. Nc3 {[%emt 0:00:05]} Bb4 {[%emt 0:00:02]} 4. e3 {[%emt 0:00:08]} O-O {[%emt 0:00:04]} 5. Bd3 {[%emt 0:00:07]} d5 {[%emt 0:00:03]} 6. Nf3 {[%emt 0:00:07]} c5 {[%emt 0:00:04]} 7. O-O {[%emt 0:00:13]} dxc4 {[%emt 0:00:02]} 8. Bxc4 {[%emt 0:00:08]} Nbd7 {[%emt 0:00:08]} 9. a3 {[%emt 0:01:34]} cxd4 {[%emt 0:03:47] LiveBook: 194 Games} 10. axb4 {[%emt 0:00:52]} dxc3 {[%emt 0:00:07]} 11. bxc3 {[%emt 0:00:12]} Qc7 {[%emt 0:00:07]} 12. Qb3 {[%emt 0:06:57]} b6 {[%emt 0:03:17] E55: Nimzo-Indian: Rubinstein: Main Line: 7...dxc4 8 Bxc4 Nbd7} 13. Ba6 $146 {[%emt 0:35:55]} ({Predecessor:} 13. Be2 $14 Bb7 14. Rd1 Ng4 15. h3 Nge5 16. Nxe5 Nxe5 17. c4 a5 {½-½ (17) Piorun,K (2529)-Edouard,R (2680) Deizisau 2013}) 13... Ne5 {[%emt 0:27:35]} 14. Nxe5 {[%emt 0:28:08]} Qxe5 {[%emt 0:00:06]} 15. f4 {[%emt 0:00:53]} Qe4 {[%emt 0:03:50]} 16. Be2 {[%emt 0:01:43]} Qg6 {[%emt 0:05:44]} 17. Bf3 {[%emt 0:00:51]} Ne4 {[%emt 0:00:19]} 18. Rd1 {[%emt 0:03:04]} Bb7 {[%emt 0:00:33]} 19. Rd7 {[%emt 0:01:19]} (19. c4 $11) 19... Bd5 {[%emt 0:00:56]} (19... Nc5 $17 20. bxc5 Bxf3) 20. c4 {[%emt 0:05:46]} (20. Qb1 $11) 20... Nd2 {[%emt 0:00:04]} 21. Bxd2 {[%emt 0:01:46]} Bxf3 {[%emt 0:00:06]} 22. g3 {[%emt 0:02:37]} Rad8 {[%emt 0:00:51]} 23. Raxa7 {[%emt 0:01:25] [#]} (23. Rd4 $17 {keeps fighting.}) 23... Bc6 $1 {[%emt 0:00:39]} 24. Rd4 {[%emt 0:02:46]} Rxd4 $2 {[%emt 0:00:12]} (24... Qg4 $19 {has better winning chances.} 25. b5 Qf3 26. bxc6 Rxd4) 25. exd4 {[%emt 0:00:09]} Qe4 {[%emt 0:00:07]} 26. Kf1 $2 {[%emt 0:01:25]} (26. d5 $17 exd5 27. Qe3 Qxc4 28. Qc3) 26... Qxd4 {[%emt 0:00:18]} (26... Qg2+ $19 27. Ke1 b5) 27. Be3 {[%emt 0:01:35]} Qe4 {[%emt 0:00:44]} 28. Bf2 $2 {[%emt 0:03:38]} (28. Bxb6 $17 Rb8 29. b5 Qh1+ 30. Ke2 Qxh2+ 31. Ke1 Rxb6 {[#]} 32. bxc6 $1 {[%mdl 512]} Qg1+ 33. Kd2) 28... Rd8 {[%emt 0:00:28]} 29. Rc7 {[%emt 0:04:44]} Qh1+ {[%emt 0:00:10]} 30. Ke2 {[%emt 0:00:16]} Bf3+ {[%emt 0:00:07]} 31. Ke3 {[%emt 0:01:01]} Be4 {[%emt 0:00:05]} 32. Ke2 {[%emt 0:00:24]} h6 {[%emt 0:00:41]} 33. Ra7 {[%emt 0:01:17] [#]} Rd1 {[%emt 0:00:08]} (33... Bf3+ $142 $1 {[%mdl 512]} 34. Ke3 (34. Qxf3 Qd1+) 34... Bg4 35. Rd7 Rxd7 36. Qd3 Qf3+ 37. Kd2 Rxd3+ 38. Kc2 Qe2+ 39. Kc1 Rd1#) 34. Ra3 {[%emt 0:01:33]} Qf1+ $2 {[%emt 0:01:10]} (34... Rb1 $19 {is more deadly.} 35. Qxb1 Qxb1) 35. Ke3 {[%emt 0:00:00]} Rd3+ $2 {[%emt 0:00:13]} (35... Bf5 36. Qc3 Rc1) 36. Qxd3 {[%emt 0:00:08]} Bxd3 {[%emt 0:00:05]} 37. Rxd3 {[%emt 0:00:02]} Qc1+ {[%emt 0:00:06]} 38. Rd2 {[%emt 0:02:08]} Qxc4 {[%emt 0:00:12]} 39. Rd4 {[%emt 0:00:27]} Qc3+ {[%emt 0:00:09]} 40. Ke2 {[%emt 0:00:12]} Kh7 {[%emt 0:00:36]} 41. Kf1 {[%emt 0:00:26]} Kg6 {[%emt 0:00:20]} 42. Kg2 {[%emt 0:00:10]} Kf5 {[%emt 0:00:17]} 43. Rd6 {[%emt 0:00:22]} Qxb4 {[%emt 0:00:41]} 44. Rxb6 {[%emt 0:00:05]} Qe4+ {[%emt 0:00:12]} 45. Kg1 {[%emt 0:00:10]} Kg4 {[%emt 0:00:34]} 46. Kf1 {[%emt 0:00:19]} Qh1+ {[%emt 0:00:12]} 47. Bg1 {[%emt 0:00:09]} Kh3 {[%emt 0:00:14]} 48. Rb2 {[%emt 0:00:15]} Qf3+ {[%emt 0:00:06]} 49. Ke1 {[%emt 0:00:14]} Qc3+ {[%emt 0:00:04]} 50. Rd2 {[%emt 0:00:01]} Kg4 {[%emt 0:00:45]} 51. Ke2 {[%emt 0:00:13]} h5 {[%emt 0:01:29]} 52. Be3 {[%emt 0:00:14]} Qc4+ {[%emt 0:00:12]} 53. Kf2 {[%emt 0:00:04]} Qe4 {[%emt 0:00:19]} 54. Re2 {[%emt 0:00:16]} Qf3+ {[%emt 0:00:27]} 55. Ke1 {[%emt 0:00:00]} h4 {[%emt 0:00:52]} 56. gxh4 {[%emt 0:00:13]} Kxh4 {[%emt 0:00:20]} 57. Bf2+ {[%emt 0:00:06]} Kg4 {[%emt 0:00:07]} 58. Bg3 {[%emt 0:00:03]} Qc3+ {[%emt 0:00:47]} 59. Kf1 {[%emt 0:00:07]} g5 {[%emt 0:01:31]} 60. fxg5 {[%emt 0:00:07]} Kxg5 {[%emt 0:00:10]} 61. Re5+ {[%emt 0:00:06]} Kg4 {[%emt 0:00:36]} (61... f5 $142 62. Kg1 Qd4+ 63. Kg2 Qb2+ 64. Kh3 Qb7) 62. Re4+ {[%emt 0:00:05]} Kf5 {[%emt 0:01:00]} 63. Rf4+ {[%emt 0:00:06]} Kg6 {[%emt 0:00:46]} 64. Rg4+ {[%emt 0:00:12]} Kh6 {[%emt 0:00:29]} 65. Rf4 {[%emt 0:00:06]} f5 {[%emt 0:00:24]} 66. Kg2 {[%emt 0:00:20]} Kg6 {[%emt 0:00:22]} 67. Rf2 {[%emt 0:00:20]} e5 {[%emt 0:00:13]} 68. h4 {[%emt 0:00:21]} e4 {[%emt 0:00:34]} 69. Bf4 {[%emt 0:00:10]} e3 {[%emt 0:00:46]} (69... Qd3 $142 70. Rf1 e3) 70. Re2 {[%emt 0:00:13]} Qc6+ $2 {[%emt 0:00:31]} (70... Qc4 71. Kf3 Kh5 72. Bxe3 Qg4+ 73. Kf2 Qxh4+ 74. Kg1 Qg3+ 75. Kf1 f4) 71. Kg3 {[%emt 0:00:09] [#]} Kh5 {[%emt 0:00:33]} (71... Qh1 $1 $19 {[%cal Rh1f1] and Black stays clearly on top.} 72. Rh2 Qe1+ 73. Kf3 Kh5 74. Bxe3 Qd1+ 75. Re2 Kxh4) 72. Rxe3 {[%emt 0:00:11]} Qg6+ {[%emt 0:00:09]} 73. Bg5 {[%emt 0:00:14]} Qd6+ {[%emt 0:00:44]} 74. Bf4 {[%emt 0:00:05]} Qd1 {[%emt 0:00:21]} 75. Kf2 $2 {[%emt 0:00:24]} (75. Bg5 $17) 75... Kg4 {[%emt 0:00:31]} 76. Bg5 {[%emt 0:00:13]} f4 {[%emt 0:00:19]} 77. Bxf4 {[%emt 0:00:09]} Kxf4 {[%emt 0:00:10]} 78. h5 {[%emt 0:00:10]} Qxh5 {[%emt 0:00:11]} 79. Rc3 {[%emt 0:00:12]} Qh2+ {[%emt 0:00:32]} 80. Ke1 {[%emt 0:00:02]} Qb2 {[%emt 0:00:24]} (80... Ke4 $142 81. Kd1 Qb2 82. Rh3 Qb1+ 83. Kd2 Qa2+ 84. Kd1 Qe6 85. Rc3 Qd5+ 86. Kc1 Kd4 87. Rc2 Qa5 88. Kb1 Kd3 89. Rc1 Qa4 90. Kb2 Qb4+ 91. Ka2 Kd2 92. Rb1 Qa4+ 93. Kb2 Qc2+ 94. Ka1 Qe4 95. Ka2 Kc2 96. Rb2+ Kc1 97. Ka3 Qa8+ 98. Kb3 Qd5+ 99. Ka3 Qa5+ 100. Kb3 Qb5+ 101. Kc3 Qxb2+ 102. Kc4 Qe5 103. Kd3 Kd1 104. Kc4 Kc2 105. Kb4 Qd5 106. Ka4 Kc3 107. Ka3 Qb3#) 81. Rd3 {[%emt 0:00:08]} Ke4 {[%emt 0:00:42]} 82. Rd2 {[%emt 0:00:03]} Qc1+ {[%emt 0:00:26]} 83. Ke2 {[%emt 0:00:03]} Qg1 {[%emt 0:00:14]} 84. Rc2 {[%emt 0:00:07]} Qe3+ {[%emt 0:00:30]} 85. Kd1 {[%emt 0:00:02]} Qf3+ {[%emt 0:00:24]} 86. Kd2 {[%emt 0:00:08]} Kd4 {[%emt 0:00:07]} 87. Kc1 {[%emt 0:00:05]} Kd3 {[%emt 0:00:40]} 88. Kb2 {[%emt 0:00:02]} Qb7+ {[%emt 0:00:26]} 89. Kc1 {[%emt 0:00:02]} Qb4 {[%emt 0:00:21]} 90. Rg2 {[%emt 0:00:50]} Qc3+ {[%emt 0:01:06]} 91. Kb1 {[%emt 0:00:05]} Qe1+ {[%emt 0:00:10]} 92. Kb2 {[%emt 0:00:06]} Qe5+ {[%emt 0:00:11]} 93. Ka3 {[%emt 0:00:25]} Qe7+ {[%emt 0:00:26]} 94. Ka2 {[%emt 0:00:18]} Qf7+ {[%emt 0:00:17]} 95. Ka3 {[%emt 0:00:14]} Qa7+ {[%emt 0:00:09]} 96. Kb2 {[%emt 0:00:11]} Qb7+ {[%emt 0:00:03]} 0-1

[Event "8th Gibraltar U16-Junior 2018"]
[Site "Caleta"]
[Date "2018.08.20"]
[Round "6"]
[White "Onslow, Alfie"]
[Black "Silva, Pedro Gil Ferreira "]
[Result "1-0"]
[WhiteElo "2040"]
[BlackElo "1795"]
[Annotator "NA RC"]
[PlyCount "59"]
[EventDate "2018.08.17"]
[EventType "swiss"]
[EventCountry "GGB"]
[SourceTitle "playchess.com"]
[Source "ChessBase"]
[SourceQuality "1"]
[TimeControl "6600+10"]

{[%evp 9,59,18,8,0,10,17,18,3,28,38,39,18,19,0,0,-13,-27,-10,-4,-56,-16,-20,-12,-13,-10,-21,-21,-20,-24,-28,-26,-29,-11,0,-11,-15,-11,-26,-29,-29,48,54,32767,144,169,169,566,604,1024,1052,1266,1396]} 1. e4 {[%emt 0:00:16]} c6 {[%emt 0:00:04]} 2. d4 {[%emt 0:00:50]} d5 {[%emt 0:00:16]} 3. e5 {[%emt 0:00:13]} c5 {[%emt 0:00:18]} 4. dxc5 {[%emt 0:00:13]} Nc6 {[%emt 0:00:14]} 5. a3 {[%emt 0:02:43] B12: Caro-Kann: Advance Variation} Nxe5 {[%emt 0:05:20]} 6. Bb5+ {[%emt 0:03:30]} (6. b4 Nf6 7. Bb2 Nc6 8. Nf3 g6 9. Nc3 d4 10. Nb5 e5 11. Qe2 Bg4 12. O-O-O Bh6+ {1-0 (48) Nepomniachtchi,I (2751)-Navara,D (2737) Saint Louis 2017}) 6... Nc6 {[%emt 0:02:37] LiveBook: 9 Games} 7. c4 $146 {[%emt 0:04:39]} ({Predecessor:} 7. b4 Nf6 8. Bb2 g6 9. c4 Be6 10. Nf3 Bg7 11. Ng5 O-O 12. Nxe6 fxe6 {1-0 (50) Dubov,D (2648)-Yuffa,D (2534) Sochi 2016}) 7... e6 {[%emt 0:11:50]} 8. Be3 {[%emt 0:09:17]} Be7 {[%emt 0:13:29]} 9. Nc3 {[%emt 0:05:02]} Nf6 {[%emt 0:04:28]} 10. Nf3 {[%emt 0:05:39]} O-O {[%emt 0:05:36]} 11. h3 {[%emt 0:06:57]} a6 {[%emt 0:05:47]} 12. cxd5 {[%emt 0:08:49]} axb5 {[%emt 0:04:42]} 13. dxc6 {[%emt 0:00:06]} bxc6 {[%emt 0:00:05]} 14. Ne5 {[%emt 0:23:25]} Bb7 {[%emt 0:02:40]} 15. O-O {[%emt 0:04:38]} Nd5 {[%emt 0:03:31]} 16. Nxd5 {[%emt 0:02:51]} Qxd5 {[%emt 0:06:10]} 17. Nf3 {[%emt 0:12:01]} Rfd8 {[%emt 0:03:39]} 18. Qc2 {[%emt 0:02:31]} Qd3 {[%emt 0:03:26]} 19. Qxd3 {[%emt 0:01:13]} Rxd3 {[%emt 0:00:04]} 20. Rfd1 {[%emt 0:00:14]} Rd5 {[%emt 0:03:00]} 21. Rxd5 {[%emt 0:04:31]} exd5 {[%emt 0:00:07]} 22. Bd4 {[%emt 0:00:47]} f6 {[%emt 0:01:03]} 23. b3 {[%emt 0:01:50]} Bc8 {[%emt 0:02:36]} 24. Nd2 {[%emt 0:05:46]} b4 {[%emt 0:02:13]} (24... Kf7 $11) 25. axb4 {[%emt 0:00:28]} Rb8 {[%emt 0:00:58]} 26. Bc3 {[%emt 0:01:12]} Kf7 {[%emt 0:07:45]} 27. Nf3 {[%emt 0:00:10]} f5 $2 {[%emt 0:01:37]} (27... Rb7 {is tougher.} 28. Bd2 Rc7) 28. Ne5+ {[%emt 0:00:11]} Kg8 {[%emt 0:00:29]} 29. Nxc6 {[%emt 0:00:03]} Rb7 {[%emt 0:00:14]} 30. Ra8 $18 {[%emt 0:00:03]} 1-0

[Event "8th Gibraltar U16-Junior 2018"]
[Site "Caleta"]
[Date "2018.08.20"]
[Round "6"]
[White "Perez Beltran, Salvador"]
[Black "Moreby, James"]
[Result "1/2-1/2"]
[WhiteElo "2018"]
[BlackElo "2084"]
[Annotator "NA RC"]
[PlyCount "39"]
[EventDate "2018.08.17"]
[EventType "swiss"]
[EventCountry "GGB"]
[SourceTitle "playchess.com"]
[Source "ChessBase"]
[SourceQuality "1"]
[TimeControl "6600+10"]

{[%evp 10,38,22,7,14,20,2,25,31,33,35,29,41,23,36,29,43,26,38,31,32,32,57,38,57,22,50,53,68,91,108]} 1. e4 {[%emt 0:00:00]} c5 {[%emt 0:00:16]} 2. Nf3 {[%emt 0:00:00]} e6 {[%emt 0:00:07]} 3. g3 {[%emt 0:00:00]} Nc6 {[%emt 0:00:06]} 4. Bg2 {[%emt 0:00:07]} Nf6 {[%emt 0:00:06]} 5. Qe2 {[%emt 0:00:08] B40: Sicilian: 2...e6, Unusual lines} (5. d3 d5 6. Nbd2 Be7 7. O-O O-O 8. Re1 b5 9. e5 Nd7 10. Nf1 Bb7 11. h4 Qc7 12. Bf4 Rfc8 13. Ne3 Qd8 14. Ng4 Bf8 15. Bg5 Qe8 16. c3 h6 17. Bf4 a5 18. Qd2 b4 19. c4 Ne7 20. h5 {1-0 (59) Kuzubov,Y (2699)-Grischuk,A (2772) Riadh 2017}) 5... d5 {[%emt 0:02:23]} 6. exd5 {[%emt 0:00:06]} Nxd5 {[%emt 0:00:07]} 7. O-O {[%emt 0:00:20]} Be7 {[%emt 0:00:16]} 8. Rd1 {[%emt 0:01:04]} Bf6 {[%emt 0:03:46]} 9. Nc3 {[%emt 0:00:50]} O-O {[%emt 0:00:38] LiveBook: 25 Games} 10. Ne4 {[%emt 0:05:21]} Be7 {[%emt 0:01:19]} 11. d4 {[%emt 0:01:28]} cxd4 {[%emt 0:04:54]} 12. Nxd4 {[%emt 0:00:44]} Nxd4 {[%emt 0:00:25]} 13. Rxd4 {[%emt 0:00:11]} Nf4 $146 {[%emt 0:00:51]} 14. Nf6+ $1 {[%emt 0:27:04]} Bxf6 {[%emt 0:00:02]} 15. Rxf4 {[%emt 0:00:01]} Qe7 {[%emt 0:02:24]} 16. c3 {[%emt 0:08:27]} Rb8 {[%emt 0:08:27]} 17. Re4 {[%emt 0:25:00]} b5 {[%emt 0:15:15]} 18. Bf4 {[%emt 0:01:40]} Rb6 {[%emt 0:00:51]} 19. Rb4 {[%emt 0:13:44]} a5 $16 {[%emt 0:26:29]} 20. Rb3 {[%emt 0:17:10]} 1/2-1/2

[Event "8th Gibraltar U16-Junior 2018"]
[Site "Caleta"]
[Date "2018.08.20"]
[Round "6"]
[White "Tombolis, Christopher"]
[Black "Greco, Joseph"]
[Result "1-0"]
[WhiteElo "1900"]
[BlackElo "1626"]
[Annotator "NA RC"]
[PlyCount "35"]
[EventDate "2018.08.17"]
[EventType "swiss"]
[EventCountry "GGB"]
[SourceTitle "playchess.com"]
[Source "ChessBase"]
[SourceQuality "1"]
[TimeControl "6600+10"]

{[%evp 11,35,85,96,64,73,56,87,84,94,75,141,156,139,136,169,141,210,89,165,159,254,142,195,196,270,228]} 1. d4 {[%emt 0:00:00]} Nf6 {[%emt 0:00:00]} 2. c4 {[%emt 0:00:00]} c5 {[%emt 0:00:08]} 3. d5 {[%emt 0:00:04]} e5 {[%emt 0:00:08]} 4. Nc3 {[%emt 0:00:17]} d6 {[%emt 0:00:17]} 5. e4 {[%emt 0:00:25]} Be7 {[%emt 0:00:16]} 6. h3 {[%emt 0:02:43]} h6 {[%emt 0:01:29]} 7. Nf3 {[%emt 0:03:35]} O-O {[%emt 0:01:26]} 8. Be2 {[%emt 0:00:39]} Na6 {[%emt 0:04:32]} 9. O-O {[%emt 0:01:06]} Bd7 {[%emt 0:02:15]} 10. Nh2 {[%emt 0:02:28]} Qc8 {[%emt 0:03:15]} 11. f4 {[%emt 0:01:21]} exf4 {[%emt 0:18:55]} 12. Bxf4 {[%emt 0:00:12]} Nc7 {[%emt 0:13:22]} 13. Bd3 {[%emt 0:07:34]} Nfe8 {[%emt 0:09:01]} (13... b5 $16) 14. g4 {[%emt 0:09:17]} (14. Nf3 $18 {has better winning chances.}) 14... Qd8 {[%emt 0:03:41]} (14... b5 $16) 15. Qe2 {[%emt 0:08:08]} g5 {[%emt 0:02:00]} (15... Bg5 {might work better.} 16. e5 Bxf4 17. Rxf4 dxe5) 16. Bxd6 {[%emt 0:02:36]} (16. e5 $18 dxe5 17. Bxe5) 16... Bxd6 $18 {[%emt 0:02:01]} (16... Nxd6 $16 {was worth a try.} 17. e5 b5) 17. e5 {[%emt 0:00:01]} Bxe5 {[%emt 0:00:28]} 18. Qxe5 {[%emt 0:00:32]} 1-0